000 00566nam a2200205 4500
999 _c1569
_d1569
003 OSt
005 20200127154900.0
008 200127b ||||| |||| 00| 0 eng d
040 _cimu-kc
082 0 0 _a623.87
_bS719
100 _91200
_aSouchotte, Ernest
_eeditor
245 _aMarine auxiliary machinery /
_cedited by Ernest Souchotte
250 _a6th ed.
260 _aLondon
_bNewnes - Butterworths
_c1975
300 _a502 p.
490 _aMarine Engineering Series
650 0 _9198
_aMarine Engines
650 0 _91202
_aMarine machinery
942 _2ddc
_cBK